| 000 | 00428nam a2200169Ia 4500 | ||
|---|---|---|---|
| 005 | 20250508155148.0 | ||
| 008 | 008 250505s9999 xx 000 0 eng d | ||
| 020 | _a978-81-317-2819-2 | ||
| 037 | _aPeriodicals | ||
| 040 |
_aFEDL _beng _cFEDL |
||
| 041 |
_aeng _2eng |
||
| 084 | _qFEDL | ||
| 245 | 0 | _aSelected bibliography of polish educational materials | |
| 490 | _vVol. 1 | ||
| 942 | _cCR | ||
| 999 |
_c1354857 _d1354857 |
||